| 000 | 00881nam a2200229 a 4500 | ||
|---|---|---|---|
| 001 | 000022625 | ||
| 005 | 20250401135741.0 | ||
| 008 | 101014s1990 dr 000 0 spa d | ||
| 040 |
_aDO-SdBNP _bspa _cBNPHU |
||
| 082 |
_a324.27293 _bC436g |
||
| 100 | 1 |
_aChaljub Mejía, Rafael _d1942- _918985 |
|
| 245 | 1 | 0 |
_aGolpe a golpe / _cRafael Chaljub Mejía; prólogo Manuel Salazar. |
| 260 |
_aSanto Domingo : _bTaller, _c1990. |
||
| 300 |
_a531 p. ; _c22 cm. |
||
| 500 | _aIncluye notas al pie de páginas | ||
| 650 | 4 |
_aPartidos políticos _zRepública Dominicna _xEnsayos conferencia,etc _946562 |
|
| 650 | 4 |
_aPatidos comunista del trabajo _zRepública Dominicna _xEnsayos conferencia,etc _946563 |
|
| 650 | 4 |
_aCiencia política _xEnsayos conferencia,etc _946564 |
|
| 650 | 4 |
_aRepública dominicna _xActividad política _946565 |
|
| 700 | 1 |
_aSalazar, Manuel _epról. _92454 |
|
| 049 | _aBNPD | ||
| 999 |
_c22122 _d22122 |
||